Welfare and efficiency: Their interactions in Western Europe and implications for international economic relations (Record no. 212761)

MARC details
000 -LEADER
fixed length control field 00462nam a2200157Ia 4500
008 - FIXED-LENGTH DATA ELEMENTS--GENERAL INFORMATION
fixed length control field 230917s9999||||xx |||||||||||||| ||und||
020 ## - ISBN
Price PON4.95
040 ## - CATALOGING SOURCE
-- 19406
Original cataloging agency VIVEKANANDA LIBRARY
041 ## - Language
-- English
082 ## - DDC NUMBER
Classification number 330.91 G275W
100 ## - MAIN ENTRY--PERSONAL NAME
Personal name Geiger, Theodore
245 #0 - TITLE STATEMENT
Title Welfare and efficiency: Their interactions in Western Europe and implications for international economic relations
250 ## - EDITION STATEMENT
Edition statement London, Macmillan ed.
260 ## - PUBLICATION, DISTRIBUTION, ETC. (IMPRINT)
Place of publication, distribution, etc 1979
Date of publication, distribution, etc 149
942 ## - ADDED ENTRY ELEMENTS (KOHA)
Koha item type Books
Holdings
Withdrawn status Lost status Damaged status Not for loan Location (home branch) Sublocation or collection (holding branch) Date acquired Koha issues (times borrowed) Koha full call number Accession No. Koha date last seen Koha item type
        VIVEKANANDA LIBRARY VIVEKANANDA LIBRARY 08/08/2002   330.91 G275W 76026 17/09/2023 Books
© Designed and Maintained by Vivekananda Library, MDU Rohtak